Justice - D.A.N.C.E Lyrics - Statistics

General Stats
  • This quiz has been taken 24 times
  • The average score is 234 of 341
Answer Stats
Paroles % Correct
D.A.N.C.E
100%
dance,
100%
dance
100%
a
85%
Do
85%
do
85%
four,
85%
One,
85%
the
85%
The
85%
three,
85%
two,
85%
to
80%
You
80%
you
80%
Get
75%
all
70%
it
70%
It
70%
ready
70%
way
70%
easy
65%
ignite
65%
is
65%
Just
65%
move
65%
P.Y.T
65%
A.B.C
60%
as
60%
As
60%
right!
60%
such
60%
B.E.A.T
55%
Catching
55%
fight!
55%
lights
55%
make
55%
mystery
55%
Stick
55%
me
50%
were
50%
for
45%
how
45%
That's
45%
and
40%
always
35%
might
35%
music
35%
night
35%
You're
35%
black
30%
doesn't
30%
matter
30%
Neither
30%
or
30%
spotlight
30%
strong
30%
there
30%
Under
30%
white
30%
day
25%
Working
20%
happens
15%
Whatever
15%
No matching quizzes found
Score Distribution
Percent of People with Each Score
Percentile by Number Answered
Your Score History
You have not taken this quiz